LEADER 01296nam a2200289 u 4500 001 000000109206 003 CaOOAMICUS 005 20080125111928.0 008 080125s2007 it u000 u ita u 020 $z978-88-598-0188-7* 040 $aPUL$bita$dBc 245 00$aDiritto del lavoro :$bcommentario$pI-II-III, Indici /$cdiretto da Franco Carinci ; a cura di S. Palladini ; con la collaborazione di A. Montanari-M.Navilli. 250 $a2. ed. 260 $aTorino :$bUTET Giuridica,$cc2007. 300 $av, 527 p. ;$c22 cm. 650 4$aDiritto del lavoro.$0(OLS)http://pul/subject/1096 700 1 $aMontanari, A.$0(OLS)http://pul/name/66881 700 1 $aNavilli, M.$0(OLS)http://pul/name/66883 700 1 $aCarinci, Franco.$0(OLS)http://pul/name/29410 700 1 $aPalladini, S.$0(OLS)http://pul/name/66882 850 $aPUL 852 $aPUL$W1$xSL Diritto e Scienze Sociali 3$y79$m348. 45 BCOLL 2.14$j124782$qDDC 21$B123528$CPULBib$Z2$F123528 $H106173 $82 941 1 $a9 960 $aLavoro (Diritto)$91096 996 $6020$z978-88-598-0188-7*$9(OLS)http://pul/number/136820 996 $6245$aDiritto del lavoro :$bcommentario$pI-II-III, Indici$9(OLS)http://pul/title/137389 996 $6260$aTorino :$bUTET Giuridica$9(OLS)http://pul/publisher/79191 LEADER 01191naa a2200229 u 4500 001 000000096685 003 CaOOAMICUS 005 20070226130147.0 008 041112s1997 it u000 u ita u 020 $a888604335X 035 $a11015151 040 $aIAR$bita 100 1 $aSensi, Mario,$csacerdote,$d1939-2015.$0(OLS)http://pul/name/7453 245 10$aMonachesimo femminile nell'Italia centrale :$b(sec. XV) /$cMario Sensi. 260 $aS. Pietro in Cariano (VR) :$bIl segno dei Gabrielli,$c1997. 300 $aS. 135-168 ;$c24 cm 773 0 $aIl monachesimo femminile in Italia dall'Alto Medioevo al secolo XVII a confronto con l'oggi. 773 0 $tScuola di memoria storica$g6 773 0 $aCentro di studi farfensi.$tIl monachesimo femminile in Italia dall'Alto Medioevo al secolo XVII a confronto con l'oggi : Atti del VI convegno del "Centro di studi farfensi", Santa Vittoria in Matenano, 21-24 Settembre 1995$w()33737 996 $6020$a888604335X$9(OLS)http://pul/number/42350 996 $6245$aMonachesimo femminile nell'Italia centrale :$b(sec. XV)$9(OLS)http://pul/title/123567 996 $6260$aS. Pietro in Cariano (VR) :$bIl segno dei Gabrielli$9(OLS)http://pul/publisher/61827